00757nam a2200205 a 450000100100000000500170001000800410002704000250006808200190009310000390011224500550015126000290020630000210023550400740025665000300033065000420036004900090040295201230041199900170053400002437920200930022947.0110126s1977 ve r 000 p spa d aDO-SdBNPbspacBNPHU aV861.44bB951e1 aBurdman Schwartz, Vladimir,94999410aEn busca de si mismo /cVladimir Burdman Schwartz. aCaracas :b[s.n],c1977. a105 p. ;c22 cm. aIncluye referencias bibliográficas y notas al pie de las páginas. 4aPoesía venezolana94230 4aLiteratura venezolanaySIGLO XX99777 aBNGR 001052708MOaGRbGRcCTd2011-01-26iLF1l0oV861.44 B951ep24379-10r2020-06-25w2020-06-25y2ZPréstamo interno c23872d23872